000 01091nam a2200289 c 4500
003 BLK
005 20250218103333.0
008 180411b bul|||||r ||||||| ||bul||
020 _a9786199177266
040 _aBLK
041 _aBUL
_cBUL
080 _aДолен храносмилателен тракт. Черва. Чревни и стомашно-чревни болести
_b616.34
_z616.34
_9400932
100 _aБожков, Васил Марков
_91299
245 1 0 _aЗлокачествени тумори на тънкото черво
_bмонография
_cВасил Божков
257 _aBGR
260 _aВарна
_bПи Си Клиник
_c2024
_9485432
300 _a178 с.
_bс цв. ил.
_c23 см
380 _a61
504 _aБиблиогр. след отд. материали
650 4 _aЧерва - болести
_9271808
852 _aЦб 326547
856 4 _qpdf
856 4 _qpdf
942 _cKNG
_n0
944 _a30553
_cИваничка Йорданова
_k30553
_lИваничка Йорданова
999 _c527191
_d527191